अकी / (Record no. 113282)

MARC details
000 -LEADER
fixed length control field 01001nam a22002537a 4500
005 - DATE AND TIME OF LATEST TRANSACTION
control field 20170124102951.0
010 ## - LIBRARY OF CONGRESS CONTROL NUMBER
LC control number B-065539
020 ## - INTERNATIONAL STANDARD BOOK NUMBER
Terms of availability 70.00
035 ## - SYSTEM CONTROL NUMBER
System control number B-065539
037 ## - SOURCE OF ACQUISITION
Source of stock number/acquisition Cen Lib/Ret
040 ## - CATALOGING SOURCE
Original cataloging agency DPL
Language of cataloging HN
082 ## - DEWEY DECIMAL CLASSIFICATION NUMBER
Classification number 822
Item number असग़
100 ## - MAIN ENTRY--PERSONAL NAME
Personal name असग़र वजाहत
9 (RLIN) 7558
245 ## - TITLE STATEMENT
Title अकी /
Statement of responsibility, etc असग़र वजाहत
246 ## - VARYING FORM OF TITLE
Title proper/short title Akee /
Remainder of title by Asghar Wajahat
260 ## - PUBLICATION, DISTRIBUTION, ETC. (IMPRINT)
Place of publication, distribution, etc दिल्ली
Name of publisher, distributor, etc ग्रंथकेतन
Date of publication, distribution, etc 2002
270 ## - ADDRESS
City दिल्ली
Address 1/11244-sई, निकट कीर्ति मंदिर, सुभाष पार्क, नवीन सहदरा
Postal code 110032
300 ## - PHYSICAL DESCRIPTION
Extent 72पृ.
Dimensions 21सेमी(सजिल्द)
650 ## - SUBJECT ADDED ENTRY--TOPICAL TERM
Topical term or geographic name as entry element हिंदी साहित्य
9 (RLIN) 51479
650 ## - SUBJECT ADDED ENTRY--TOPICAL TERM
Topical term or geographic name as entry element हिंदी साहित्य -- नाटक
9 (RLIN) 51480
650 ## - SUBJECT ADDED ENTRY--TOPICAL TERM
Topical term or geographic name as entry element Hindi literature
9 (RLIN) 51481
650 ## - SUBJECT ADDED ENTRY--TOPICAL TERM
Topical term or geographic name as entry element Hindi literature -- Drama
9 (RLIN) 51482
942 ## - ADDED ENTRY ELEMENTS (KOHA)
Source of classification or shelving scheme Dewey Decimal Classification
Koha item type Hindi Books
Classification part 822
Call number suffix असग़
Holdings
Withdrawn status Lost status Damaged status Not for loan Home library Current library Date acquired Source of acquisition Cost, normal purchase price Total Checkouts Total Renewals Full call number Barcode Date last seen Date checked out Copy number Cost, replacement price Price effective from Koha item type Source of classification or shelving scheme Collection code
        Central Library Central Library 11/08/2015 Cen Lib/Ret 70.00 1 2 822 असग़ B-065539 09/07/2018 14/06/2018 1 70.00 11/08/2015 Hindi Books    
        Shahdara Branch Shahdara Branch 26/12/2018 BPPD/PUB 70.00     822 असग़ B-065543 26/12/2018     70.00 26/12/2018 Hindi Books Dewey Decimal Classification Non-fiction

© Delhi Public Library
Hit Counter
free hit counter